[Event "Baden-ch U16"]
[Site "Karlsruhe"]
[Date "2008.01.06"]
[Round "7"]
[White "Tiemann, Christoph"]
[Black "Baur, Oleg"]
[Result "1-0"]
[WhiteElo "2065"]
[BlackElo "1753"]
[PlyCount "71"]
[EventDate "2008.01.02"]
[EventType "swiss"]
[EventRounds "7"]
[EventCountry "GER"]
[SourceTitle "EXT 2009"]
[Source "ChessBase"]
[SourceDate "2008.11.26"]
[SourceVersion "1"]
[SourceVersionDate "2008.11.26"]
[SourceQuality "1"]

1. e4 e5 2. Nf3 Nc6 3. Bb5 d6 4. d4 exd4 5. Nxd4 Bd7 6. Nc3 Nf6 7. Bxc6 bxc6 8. Qf3 Be7 9. e5 dxe5 10. Nxc6 Bxc6 11. Qxc6+ Nd7 12. Be3 0-0 13. 0-0-0 Bd6 14. Nb5 Nf6 15. Nxd6 cxd6 16. Rxd6 Qa5 17. Qa6 Qb4 18. a3 Qe4 19. Qc6 Qg6 20. Rhd1 h6 21. Qf3 Rac8 22. c3 Kh7 23. Bxa7 Rc4 24. Qd3 Qxd3 25. R1xd3 Ra8 26. Be3 Rg4 27. g3 Re4 28. f3 Rea4 29. Kc2 Rb8 30. Rb6 Re8 31. Rb7 Kg6 32. Rd6 e4 33. f4 Ra5 34. g4 Kh7 35. h3 Nd5 36. Kd2 1-0

[Event "Baden-ch U16"]
[Site "Karlsruhe"]
[Date "2008.01.04"]
[Round "4"]
[White "Baur, Oleg"]
[Black "Weber, Raphael"]
[Result "1-0"]
[WhiteElo "1753"]
[BlackElo "1796"]
[PlyCount "117"]
[EventDate "2008.01.02"]
[EventType "swiss"]
[EventRounds "7"]
[EventCountry "GER"]
[SourceTitle "EXT 2009"]
[Source "ChessBase"]
[SourceDate "2008.11.26"]
[SourceVersion "1"]
[SourceVersionDate "2008.11.26"]
[SourceQuality "1"]

1. d4 d5 2. c4 e6 3. Nc3 c5 4. cxd5 exd5 5. Nf3 Nc6 6. e3 Nf6 7. Be2 Be7 8. 0-0 0-0 9. b3 Bf5 10. Bb2 Qd7 11. dxc5 Bxc5 12. Na4 Be7 13. Nd4 Nxd4 14. Qxd4 b6 15. Rfd1 Rfd8 16. Ba6 Ne8 17. Rac1 Bf6 18. Qf4 Qe6 19. Bxf6 Nxf6 20. Nc3 Ne4 21. Bb7 g5 22. Qc7 Rd7 23. Qc6 Nxc3 24. Rxc3 Rd6 25. Bxa8 Rxc6 26. Bxc6 Qe5 27. Rd4 Be6 28. Rcd3 h6 29. Rd1 Bf5 30. Bxd5 Qc7 31. h3 Qc2 32. R4d2 Qc3 33. e4 Bg6 34. Rd3 Qc2 35. R3d2 Qc3 36. a4 Bh5 37. Rd3 Qc2 38. f3 Qc5+ 39. Kh1 Qf2 40. Bc4 Bg6 41. Rd7 h5 42. e5 g4 43. e6 gxf3 44. exf7+ Bxf7 45. Bxf7+ Kf8 46. Rg1 Qg3 47. Bd5 Ke8 48. Rxa7 f2 49. Rf1 Qe5 50. Bc4 Qe1 51. Rf7 Qc3 52. R7xf2 h4 53. Re2+ Kd7 54. Re4 Qc2 55. Rxh4 Qg6 56. Rhf4 Qc2 57. Rd4+ Kc6 58. Bb5+ Kc5 59. Rc4+ 1-0